Le Pakistan pour les touristes... - Statistiques

Statistiques générales
  • Ce quiz a été pris 43 fois
  • Le résultat moyen est 6 sur 20
Statistiques - réponses
Question Indice Réponses % Correct
Quelles sont les langues officielles ? Anglais
90%
Quelles sont les langues officielles ? Ourdou
90%
Le principal aéroport est K Karachi
60%
La religion majoritaire est Islam
55%
Combien d'heures (environ) mettrez-vous pour vous y rendre ? (en chiffres) 8
53%
Dans la capitale quel est le décalage horaire avec Paris ? (+ ou - et chiffre) ex - 10 ou + 3,5 + 3
43%
Code sur les plaques minéralogiques PK
33%
Le suffixe internet est pk
33%
Achats à faire 3/ Pour la cuisine Epices
30%
Quelles sont les principaux lieux touristiques ? L Fort de {Lahore}
25%
Comment se nomme la principale compagnie aérienne locale P I A Pakistan International Airlines
25%
Achats à faire 2/ Tissu en Coton
20%
Quel est le régime du pays ? R F République fédérale
20%
Quelles sont les principaux lieux touristiques ? H Vallée {Hunza}
20%
Quelle est la monnaie ? Roupie pakistanaise
18%
Achats à faire 1/ Précieux Bijoux
15%
Quelles sont les principaux lieux touristiques ? W Frontière de {Wagah}
10%
Quelles sont les principaux lieux touristiques ? M Collines de {Margalla}
5%
Quelles sont les principaux lieux touristiques ? B Mosquée {Basshahi}
3%
Quel est le climat local ? S & T {Subtropical} & {Tropical}
0%
Aucun quiz correspondant
Distribution des résultats
% des personnes avec chaque résultat
Percentile par nombre de réponses
Votre historique - résultats
Vous n’avez pas pris ce quiz